Tate McRae - guess the song with no hint - Statistics

General Stats
  • This quiz has been taken 757 times
  • The average score is 218 of 348
Answer Stats
Answer % Correct
Ah,
98%
(oh,
98%
(oh)
98%
oh-oh
98%
Oh-oh,
98%
(ooh)
98%
I
95%
(I
95%
mm,
94%
mm
94%
a
91%
a,
91%
a)
91%
you
89%
you)
89%
you),
89%
(you,
89%
me
78%
me)
78%
the
75%
when
73%
My
72%
my
72%
to
72%
to)
72%
an
71%
it
70%
it,
70%
be
69%
is
66%
and
65%
And
65%
I'm
65%
on
65%
want
65%
want)
65%
like
64%
no)
64%
then
64%
in
62%
So
62%
so
62%
but
61%
But
61%
just
60%
that
60%
That
60%
your
58%
door
57%
heart
57%
Say
57%
revolvin'
56%
back
55%
more
55%
more,
55%
More
55%
(more) (x2)
55%
of
55%
think
55%
try,
55%
cold
54%
keep
54%
bad
53%
(can't
53%
can't
53%
comin
52%
comin'
52%
finally
52%
call
51%
(call
51%
Fuck
51%
fuck
51%
it's
51%
meltin'
51%
need
51%
need,
51%
not
51%
good,
50%
good
50%
less,
50%
move
50%
Oh,
50%
would
50%
from
49%
mind
49%
off
49%
habit
48%
minute
48%
minute,
48%
Baby,
47%
much
47%
much,
47%
one
47%
(yeah)
47%
yeah,
47%
might
46%
out
46%
tried
46%
Tried
46%
(tried
46%
Change
45%
Supposed
45%
up,
45%
night
44%
'bout
43%
come,
43%
come
43%
hurt
43%
stage,
43%
still
43%
with
43%
Boston
42%
down
42%
find
42%
than
42%
what
42%
confess
41%
Life
41%
around
40%
helpin',
40%
reminded
40%
adult,
39%
denial
39%
get
39%
(get
39%
admit
38%
east
38%
exhaustin'
38%
gotta
38%
west
38%
work
38%
couldn't
37%
feels
37%
versatile
37%
worse,
37%
how ?
36%
How'd
36%
moved
36%
Shut
36%
Takes
36%
(ah)
35%
couch ?
34%
towns
33%
wing
32%
undoes
31%
gym
27%
dial
26%
make
19%
yeah,
19%
enough
17%
No matching quizzes found
Score Distribution
Percent of People with Each Score
Percentile by Number Answered
Your Score History
You have not taken this quiz